| 000 | 00496nam a22001697a 4500 | ||
|---|---|---|---|
| 999 |
_c40986 _d40986 |
||
| 003 | OSt | ||
| 005 | 20210224141925.0 | ||
| 008 | 210224b ||||| |||| 00| 0 eng d | ||
| 020 | _a9789388624671 | ||
| 040 | _coclc | ||
| 082 |
_a378 _bCHO/G |
||
| 100 |
_98371 _aChopra, J K |
||
| 245 |
_aGeneral Studies 2019 : _bIndian And World Geography / _cJ K Chopra |
||
| 260 |
_aNew Delhi: _bUnique Publishers, _c2019. |
||
| 300 | _a276p | ||
| 942 |
_2ddc _cBK _h378 _iCHO/G _k378 _mCHO/G |
||